TMBG Song Discography - Statistics

General Stats
  • This quiz has been taken 138 times
  • The average score is 106 of 424
Answer Stats
Answer % Correct
Birdhouse In Your Soul
96%
Ana Ng
89%
Istanbul
80%
No!
75%
They Might Be Giants
75%
Fingertips
71%
Fingertips (reprise)
71%
Don't Let's Start
69%
Theme From Flood
67%
Cowtown
65%
Particle Man
64%
Everything Right Is Wrong Again
62%
Rhythm Section Want Ad
62%
Your Racist Friend
62%
I Palindrome I
60%
Kiss Me, Son Of God
60%
Road Movie To Berlin
60%
Lucky Ball & Chain
58%
Number Three
58%
Put Your Hand Inside The Puppet Head
56%
She's An Angel
56%
The Day
56%
Dead
55%
Sleep
55%
Hide Away Folk Family
53%
Mink Car
53%
Snail Shell
53%
Snowball In Hell
53%
Subliminal
53%
The End Of The Tour
53%
Rabid Child
51%
They'll Need A Crane
51%
We Want A Rock
51%
Boat Of Car
49%
Hotel Detective
49%
I'm Impressed
49%
Mammal
49%
Purple Toupee
49%
Sapphire Bullets Of Pure Love
49%
Sleeping In The Flowers
49%
The Mesopotamians
49%
Toddler Hiway
49%
Can't Keep Johnny Down
47%
Lie Still Little Bottle
47%
Minimum Wage
47%
Nanobots
47%
Nothing's Gonna Change My Clothes
47%
Spine
47%
Chess Piece Face
45%
Hearing Aid
45%
I Like Fun
45%
James K. Polk
45%
Man, It's So Loud In Here
45%
Meet James Ensor
45%
S-E-X-X-Y
45%
Twisting
45%
Cyclops Rock
44%
Dig My Grave
44%
Experimental Film
44%
Someone Keeps Moving My Chair
44%
Space Suit
44%
Spines
44%
Whistling In The Dark
44%
Women & Men
44%
32 Footsteps
42%
AKA Driver
42%
Glean
42%
Older
42%
Older (alt)
42%
Pencil Rain
42%
Stuff Is Way
42%
The World's Address
42%
Where Your Eyes Don't Go
42%
Why Does The Sun Shine?
42%
Absolutely Bill's Mood
40%
Bangs
40%
Brontosaurus
40%
Memo To Human Resources
40%
Mr. Me
40%
New York City
40%
The Bells Are Ringing
40%
The Guitar
40%
When Will You Die
40%
Youth Culture Killed My Dog
40%
Cage & Aquarium
38%
Dinner Bell
38%
I Should Be Allowed To Think
38%
Please Pass The Milk, Please
38%
Spiraling Shape
38%
Till My Head Falls Off
38%
You'll Miss Me
38%
You're On Fire
38%
Alienation's For The Rich
36%
Hot Cha
36%
I've Got A Match
36%
Spy
36%
Climbing The Walls
35%
How Can I Sing Like A Girl?
35%
Letterbox
35%
Metal Detector
35%
My Evil Twin
35%
Santa's Beard
35%
Take Out The Trash
35%
The Statue Got Me High
35%
A Self Called Nowhere
33%
Dirt Bike
33%
Erase
33%
Mrs. Bluebeard
33%
No One Knows My Plan
33%
(She Think's She's) Edith Head
33%
The Shadow Government
33%
Turn Around
33%
XTC vs. Adam Ant
33%
Another First Kiss
31%
Careful What You Pack
31%
Damn Good Times
31%
Destination Moon
31%
Dog
31%
Drink!
31%
Hope That I Get Old Before I Die
31%
I Can Hear You
31%
Let’s Get This Over With
31%
O, Do Not Forsake Me
31%
Out Of Jail
31%
Piece Of Dirt
31%
She's Actual Size
31%
Shoehorn With Teeth
31%
Stalk Of Wheat
31%
Stomp Box
31%
Unrelated Thing
31%
Wearing A Raincoat
31%
Bastard Wants To Hit Me
29%
Bee Of The Bird Of The Moth
29%
Communists Have The Music
29%
Hovering Sombrero
29%
Mr. Xcitement
29%
Museum Of Idiots
29%
See The Constellation
29%
Spider
29%
Synopsis For Latecomers
29%
Thunderbird
29%
Why Must I Be Sad?
29%
Black Ops
27%
Black Ops (alt)
27%
Canajoharie
27%
Cloisonné
27%
Drinkin'
27%
I Love You For Psychological Reasons
27%
I've Got A Fang
27%
Pet Name
27%
Prevenge
27%
Seven
27%
Tesla
27%
The Cap'm
27%
The Lady And The Tiger
27%
Upside Down Frown
27%
Why Does The Sun Really Shine?
27%
Wicked Little Critta
27%
Working Undercover For The Man
27%
Au Contraire
25%
ECNALUBMA
25%
Exquisite Dead Guy
25%
Hopeless Bleak Despair
25%
I Am A Paleontologist
25%
I Can't Hide From My Mind
25%
Icky
25%
Rat Patrol
25%
Stand On Your Own Head
25%
The Darlings Of Lumberland
25%
Thermostat
25%
They Got Lost
25%
Three Might Be Duende
25%
Tick
25%
2082
24%
Apophenia
24%
Call You Mom
24%
Dog Walker
24%
E Eats Everything
24%
Electric Car
24%
Feign Amnesia
24%
Hall Of Heads
24%
I Left My Body
24%
Last Wave
24%
Last Wave (alt)
24%
Meet The Elements
24%
Nouns
24%
Push Back The Hands
24%
The Edison Museum
24%
There
24%
Too Tall Girl
24%
You Probably Get That A Lot
24%
Your Own Worst Enemy
24%
Answer
22%
Bills, Bills, Bills
22%
By The Time You Get This
22%
Circular Karate Chop
22%
Come On And Wreck My Car
22%
End Of The Rope
22%
Here Come The ABCs
22%
If I Wasn't Shy
22%
Insect Hospital
22%
Judy Is Your Viet Nam
22%
Let Me Tell You About My Operation
22%
Madam, I Challenge You To A Duel
22%
Old Pine Box
22%
Reprehensible
22%
The Bloodmobile
22%
The Greatest
22%
What's That Blue Thing Doing Here?
22%
Window
22%
Withered Hope
22%
You Don't Like Me
22%
9 Secret Steps
20%
Celebration
20%
Contrecoup
20%
Extra Savoir-Faire
20%
Gudetama’s Busy Days
20%
I Hear The Wind Blow
20%
I Lost Thursday
20%
I'm Having A Heart Attack
20%
It's Kicking In
20%
I’ve Been Seeing Things
20%
I Walk Along Darkened Corridors
20%
Lake Monsters
20%
Lost My Mind
20%
My Man
20%
Protagonist
20%
Replicant
20%
Science Is Real
20%
Spoiler Alert
20%
Stone Cold Coup d'Etat
20%
The Day That Love Came To Play
20%
Tractor
20%
Underwater Woman
20%
Who Are The Electors?
20%
Yeh Yeh
20%
Ampersand
18%
Certain People I Could Name
18%
Dunkin Of Course Of Course
18%
Hey Now Everybody Now
18%
Hot Dog!
18%
I Am Alone
18%
I Found A New Friend Underneath My Pillow
18%
Jackie The Clipper
18%
Leave Me Alone
18%
L M N O
18%
McCafferty’s Bib
18%
Moonbeam Rays
18%
Never Knew Love
18%
Photosynthesis
18%
Robot Parade
18%
Rowboat Mayor
18%
Roy G. Biv
18%
Speed And Velocity
18%
Which Describes How You're Feeling
18%
With The Dark
18%
Alphabet Of Nations
16%
Applause, Applause, Applause
16%
Aren't You The Guy Who Hit Me In The Eye?
16%
Best Regrets
16%
Broke In Two
16%
Didn't Kill Me
16%
Drown The Clown
16%
Edith Head
16%
Great
16%
High Five!
16%
Hypnotist Of Ladies
16%
I Broke My Own Rule
16%
I Can Help The Next In Line
16%
I Can't Remember The Dream
16%
Mickey Mouse Clubhouse Theme
16%
Music Jail, Parts 1 & 2
16%
Mysterious Whisper
16%
Narrow Your Eyes
16%
Number Two
16%
On Earth My Nina
16%
Operators Are Standing By
16%
Q U
16%
Shape Shifters
16%
Something Grabbed Ahold Of My Hand
16%
The Bullies
16%
The World Before Later On
16%
Token Back To Brooklyn
16%
When The Lights Come On
16%
Aaa
15%
All The Lazy Boyfriends
15%
Chip The CHIP
15%
Counterfeit Faker
15%
Dark And Metric
15%
Darling, The Dose
15%
Destroy The Past
15%
Dr. Sy Fly
15%
Good To Be Alive
15%
Hive Mind
15%
I C U
15%
If Day For Winnipeg
15%
In Fact
15%
I Wasn’t Listening
15%
John Postal
15%
Maybe I Know
15%
One Everything
15%
Seven Days Of The Week
15%
Solid Liquid Gas
15%
The Poisonousness
15%
This Microphone
15%
To A Forest
15%
T-Shirt
15%
Violin
15%
Who's Knocking On The Wall?
15%
Zeros
15%
All Time What
13%
An Insult To The Fact Checkers
13%
Apartment Four
13%
Cells
13%
C Is For Conifers
13%
Clap Your Hands
13%
Decision Makers
13%
D Is For Drums
13%
Everything's Catching On Fire
13%
Fake-Believe
13%
Fake-Believe (type B)
13%
Finished With Lies
13%
Flo Wheeler
13%
Four Of Two
13%
Hate The Villanelle
13%
Here In Higglytown
13%
I Heard A Sound
13%
Infinity
13%
Let Your Hair Hang Down
13%
Lord Snowdon
13%
Nine Bowls Of Soup
13%
O Tannenbaum
13%
Pirate Girls Nine
13%
Sometimes A Lonely Way
13%
The House At The Top Of The Tree
13%
The Secret Life Of Six
13%
Triops Has Three Eyes
13%
Fibber Island
11%
Flying V
11%
Got Getting Up So Down
11%
How Many Planets?
11%
I Am Not Your Broom
11%
I Don't Understand You
11%
I’ll Be Haunting You
11%
John Lee Supertaster
11%
Less Than One
11%
Mr. Mischief Night
11%
My Brother The Ape
11%
One Dozen Monkeys
11%
Quit The Circus
11%
Rolling O
11%
Selectionist
11%
Super Cool
11%
Unctuous Robot
11%
Wait Actually Yeah No
11%
What Is A Shooting Star?
11%
Where Do They Make Balloons?
11%
Z Y X
11%
Bed Bed Bed
9%
Burnice
9%
Can You Find It?
9%
D & W
9%
Figure Eight
9%
In The Middle, In The Middle, In The Middle
9%
It Said Something
9%
Lullaby To Nightmares
9%
Pictures Of Pandas Painting
9%
Put It To The Test
9%
Re-Pete Offender
9%
Sold My Mind To The Kremlin
9%
Ten Mississippi
9%
The Ballad Of Davy Crockett
9%
The Brightside
9%
The Neck Rolls Aren’t Working
9%
Trouble Awful Devil Evil
9%
Unpronounceable
9%
What Did I Do To You?
9%
All Alone All Alone
7%
Alphabet Lost And Found
7%
Computer Assisted Design
7%
Corrupted Lyle
7%
Daylight
7%
Elephants
7%
Go For G!
7%
I Can Add
7%
I Haven’t Been Right Yet
7%
I Made A Mess
7%
Lazy Head And Sleepy Bones
7%
Letter / Not A Letter
7%
Nonagon
7%
Say Nice Things About Detroit
7%
Sleepwalkers
7%
The Vowel Family
7%
Tick Tick Tick Tick
7%
Who Put The Alphabet In Alphabetical Order?
7%
Eight Hundred And Thirteen Mile Car Trip
5%
Goodnight My Friends
5%
Heart Of The Band
5%
Impossibly New
5%
Long White Beard
5%
Ooh La! Ooh La!
5%
Or So I Have Read
5%
Part Of You Wants To Believe Me
5%
Even Numbers
4%
I Am A Grocery Bag
4%
I'm A Coward
4%
Letter Shapes
4%
Omnicorn
4%
Thinking Machine
4%
Wake Up Call
4%
Walking My Cat Named Dog
4%
Who's That Standing Out My Window?
4%
Definition Of Good
2%
Hello Mrs. Wheelyke
2%
I Am Invisible
2%
I Just Want To Dance
2%
Oh You Did
2%
Out Of A Tree
2%
And Mom And Kid
0%
I Haven't Seen You In Forever
0%
Moles, Hounds, Bears, Bees And Hares
0%
So Crazy For Books
0%
Then The Kids Took Over
0%
No matching quizzes found
Score Distribution
Percent of People with Each Score
Percentile by Number Answered
Your Score History
You have not taken this quiz